| 000 | 00847cam a2200265 a 4500 | ||
|---|---|---|---|
| 001 | 000003658 | ||
| 003 | DO-SdBNP | ||
| 005 | 20220720103143.0 | ||
| 007 | ta | ||
| 008 | 750630s1960 xu er 000 d eng | ||
| 040 |
_aDO-SdBNP _bspa _cBNPHU |
||
| 082 | 4 |
_a813.54 _bE14h _222 |
|
| 100 | 1 |
_aEaton, Evelyn Sybil Mary, _d1902- _911216 |
|
| 245 | 1 | 0 |
_aHeart in pilgrimage / _cEvelyn Eaton y Edward Roberts Moore. |
| 260 |
_aNew York : _bImage Books, _c1960. |
||
| 300 |
_a238 p. ; _c20 cm. |
||
| 500 | _aA dramatic novel of the life of mother Seton, foundres of the Sister of Charity. | ||
| 590 | _aInventariado 2022 / MF | ||
| 650 | 4 |
_aNovela estadounidense _9262 |
|
| 650 | 4 |
_aLiteratura estadounidense _9263 |
|
| 650 | 4 |
_aDrama estadounidense _97567 |
|
| 700 | 1 |
_aMoore, Edward Roberts, _d1894- _911217 |
|
| 910 | _aMFeliz | ||
| 942 |
_2ddc _cLBS1 |
||
| 999 |
_c3481 _d3481 |
||